1270 1577 1131 1716 1543 1601 1046 1730 1862 1463 1227 1605 1035 1668 1718 1487 1697 1866 1429 1951 1314 1494 1798 1849 1785 1012 1320 1028 1482 1075 1611 1187 1626 1136 1635 1027 1638 1310 1746 1094 1470 1542 1724 1145 1268 1405 1783 1186 1645 1463 1410 1228 1012 1482 1697 1289 1683 1957 1402 1612 1322 1549 1609 1513 1058 1533 1467 1515 1300 1238 1574 1163 1359 1663 1222 1431 1292 1650 1716 1154 1139 1242 1450 1086 1755 1748 1853 1585 1031 1973 1523 1799 1383 1716 1612 1873 1559 1357 1873 BCNSPRNW ULIB Ver.6.0+V

เปลี่ยนเป็นภาษาไทย

Change to English
 แสดงรายละเอียดบรรณานุกรม
  กลับหน้าหลัก

Brief Record : Get Marc (ISO 2709) : E-mail record : QR code < ปิดหน้าต่าง
LEADER : 00000nam 2200000uu 4500
001    13399128440
003     ULIB
008    230828s||||||||th 000 0 tha d
020    ^a9786165901192
060  4 ^aWY152^bจ483ผ
100 0  ^aจินตนา สุวิทวัส
245 10 ^aผู้สูงอายุ :^bโภชนาการและการพยาบาล /^cจินตนา สุวิทวัส
250    ^aพิมพ์ครั้งที่ 1
260    ^aขอนแก่น :^bเพ็ญพริ้นติ้ง,^c2565
300    ^a121 หน้า :^bภาพประกอบ
500    ^aบรรณานุกรม : จินตนา สุวิทวัส. (2565). ผู้สูงอายุ : โภชนาการและการพยาบาล. ขอนแก่น : เพ็ญพริ้นติ้ง.
505 0  ^a^tบทที่ 1 ประชากรผู้สูงอายุและภาวะโภชนาการในผู้สูงอายุ --^tบทที่ 2 การเปลี่ยนแปลงทางร่างกาย จิตใจ อารมณ์และสังคมในผู้สูงอายุ --^tบทที่ 3 การประเมินภาวะโภชนาการผู้สูงอายุ --^tบทที่ 4 ความต้องการพลังงาน สารอาหาร เส้นใยอาหารและน้ำในผู้สูงอายุ --^tบทที่ 5 การบริโภคอาหารในผู้สูงอายุ --^tบทที่ 6 การใช้กระบวนการพยาบาลในการพยาบาลด้านโภชนาการสำหรับผู้สูงอายุุ
650  7 ^aการพยาบาลผู้สูงอายุ
650  7 ^aโภชนาการ
650  7 ^aผู้สูงอายุ^xโภชนาการ
856    ^a^zผู้สูงอายุ โภชนาการและการพยาบาล (10053509).pdf (สารบัญหนังสือ)^uhttp://61.19.69.198/ULIB//_fulltext/Content ::/13399138214/20220922084752_2303.pdf
945    ^p250^l0^i29621
945    ^p250^l0^i29622
945    ^p250^l0^i29623
945    ^p250^l0^i29624
945    ^p250^l0^i29625
999    ^aกัณชพร จุลอักษร
รายการนี้ยังไม่มีแท็ก
คุณยังไม่ได้ล็อกอิน คุณสามารถมีกิจกรรมร่วมกับเว็บไซต์ได้ แต่ต้องล็อกอินก่อน ::
  ล็อกอิน

รายการสื่อสารสนเทศ

ลำดับที่ ประเภท เลขเรียก/บาร์โค้ด สถานที่ สถานะ
1. หนังสือสำรอง
หนังสือสำรอง
WY152 จ483ผ ฉ.1 
  Barcode: 29621
ห้องสมุดวิทยาเขตนครสวรรค์
►หนังสือทั่วไป:l:General Books
บนชั้น
2. วิทยาศาสตร์การแพทย์ และสุขภาพ
วิทยาศาสตร์การแพทย์ และสุขภาพ
WY152 จ483ผ ฉ.2 
  Barcode: 29622
ห้องสมุดวิทยาเขตนครสวรรค์
►หนังสือทั่วไป:l:General Books
บนชั้น
3. วิทยาศาสตร์การแพทย์ และสุขภาพ
วิทยาศาสตร์การแพทย์ และสุขภาพ
WY152 จ483ผ ฉ.3 
  Barcode: 29623
ห้องสมุดวิทยาเขตนครสวรรค์
►หนังสือทั่วไป:l:General Books
บนชั้น
4. วิทยาศาสตร์การแพทย์ และสุขภาพ
วิทยาศาสตร์การแพทย์ และสุขภาพ
WY152 จ483ผ ฉ.4 
  Barcode: 29624
ห้องสมุดวิทยาเขตนครสวรรค์
►หนังสือทั่วไป:l:General Books
บนชั้น
5. วิทยาศาสตร์การแพทย์ และสุขภาพ
วิทยาศาสตร์การแพทย์ และสุขภาพ
WY152 จ483ผ ฉ.5 
  Barcode: 29625
ห้องสมุดวิทยาเขตนครสวรรค์
►หนังสือทั่วไป:l:General Books
บนชั้น

รายการใกล้เคียง
    ผู้แต่ง [จินตนา สุวิทวัส]

    หัวเรื่อง [การพยาบาลผู้สูงอายุ]
    หัวเรื่อง [โภชนาการ]

BibComment


ยังไม่เคยถูกคอมเมนท์

คอมเมนท์ทรัพยากรรายการนี้
  คอมเมนท์: ผู้สูงอายุ โภชน..


 Copyright 2026. Bcnsprnw @Library